Statistics for UEFA European Championship Finals

Click here to take the quiz!

General Stats

  • This quiz has been taken 2,353 times
  • The average score is 12 of 14

Answer Stats

Answer% Correct
France
99%
Spain
99%
Germany
98%
Italy
98%
Portugal
98%
Greece
96%
Netherlands
92%
Denmark
91%
Soviet Union
87%
Belgium
81%
Yugoslavia
81%
West Germany
74%
Czechoslovakia
73%
Czech Republic
67%

Score Distribution

Percentile by Number Answered

Percent of People with Each Score

Your Score History

You have not taken this quiz